Statistics for Regions of Norway

Click here to take the quiz!

General Stats

  • This quiz has been taken 60 times
  • The average score is 9 of 18

Answer Stats

Regions% Correct
Oslo
89%
Troms
72%
Finnmark
64%
Trøndelag
58%
Nordland
57%
Rogaland
51%
Møre og Romsdal
49%
Telemark
49%
Vestfold
45%
Hordaland
43%
Oppland
42%
Vest-Agder
40%
Østfold
38%
Buskerud
36%
Akershus
34%
Sogn og Fjordane
34%
Hedmark
32%
Aust-Agder
30%

Score Distribution

Percentile by Number Answered

Percent of People with Each Score

Your Score History

You have not taken this quiz